Movies Quiz

Random Movies or Disney Quiz

Name the Disney Movie Quiz Stats

 Plays Quiz not verified by Sporcle

Challenge
Share
Tweet
Embed
Score 0/13 Timer 05:00
0 Plays Today
Quote Title % Correct
'She thinks the monkey is the Sultan.'Aladdin
94.5%
'I am a Dragon, DRAGON! not a lizard I don't do that tongue thing'Mulan
90.6%
'What do you want me to do dress in drag and do the hula?'The Lion King
80.8%
'i will call you squishy and you will be my squishy.' .Finding Nemo
76%
'What do you think of the dress?' 'It's hideous' 'That's because it's on you dear.'Sleeping Beauty
73.6%
'It's a snarflax.'The Little Mermaid
64.2%
'I'm especially good at Expectorating'Beauty and the Beast
58.8%
Eating greens is a special treat, It makes long ears and great big feet. But it sure is awful stuff to eatBambi
55.5%
We dance, we kiss, we schmooze, we carry on, we go home happy. What do you say? Come on. Hercules
47.4%
All of this has happened before, and it will all happen again.Peter Pan
37.7%
Okay. It's all fun and games till someone loses an eye.Tarzan
33.4%
For every to, there is a fro, for every stop there is a go and that's what makes the world go round.The Sword in the Stone
33%
'Look at me and my bad self I snatched you right out of the air'The Emperor's new Groove
30.9%

You're not logged in!

Compare scores with friends on all Sporcle quizzes.
Join for Free
OR
Log In

You Might Also Like...

Show Comments

Extras

Top Quizzes Today


Score Distribution

Your Account Isn't Verified!

In order to create a playlist on Sporcle, you need to verify the email address you used during registration. Go to your Sporcle Settings to finish the process.

Report this User

Report this user for behavior that violates our Community Guidelines.

Details: